<?xml version="1.0" encoding="UTF-8"?>
<record
    xmlns:xsi="http://www.w3.org/2001/XMLSchema-instance"
    xsi:schemaLocation="http://www.loc.gov/MARC21/slim http://www.loc.gov/standards/marcxml/schema/MARC21slim.xsd"
    xmlns="http://www.loc.gov/MARC21/slim">

  <leader>01369cam a2200349 a 4500</leader>
  <controlfield tag="001">000007448</controlfield>
  <controlfield tag="005">20240306073909.0</controlfield>
  <controlfield tag="008">041223s2003    cu       b    001 0dspa  </controlfield>
  <datafield tag="020" ind1=" " ind2=" ">
    <subfield code="a">9597006820</subfield>
  </datafield>
  <datafield tag="035" ind1=" " ind2=" ">
    <subfield code="a">(UyMoLRL)lr20192</subfield>
  </datafield>
  <datafield tag="040" ind1=" " ind2=" ">
    <subfield code="a">DO-SdBNP</subfield>
    <subfield code="c">DLC</subfield>
  </datafield>
  <datafield tag="043" ind1=" " ind2=" ">
    <subfield code="a">nwcu---</subfield>
    <subfield code="a">n-mx---</subfield>
  </datafield>
  <datafield tag="082" ind1=" " ind2=" ">
    <subfield code="a">866.2</subfield>
    <subfield code="b">M378c</subfield>
  </datafield>
  <datafield tag="100" ind1="1" ind2=" ">
    <subfield code="a">Mart&#xED;, Jos&#xE9;,</subfield>
    <subfield code="d">1853-1895</subfield>
    <subfield code="9">645</subfield>
  </datafield>
  <datafield tag="240" ind1="1" ind2="0">
    <subfield code="a">Correspondence.</subfield>
    <subfield code="k">Selections</subfield>
  </datafield>
  <datafield tag="245" ind1="1" ind2="0">
    <subfield code="a">Correspondencia a Manuel Mercado /</subfield>
    <subfield code="c">Jos&#xE9; Marti ; compilaci&#xF3;n y notas de Marisela del Pino y Pedro Pablo Rodr&#xED;guez ; introducci&#xF3;n de Cintio Vitier ; edici&#xF3;n Francisco Cepeda Tejera.</subfield>
  </datafield>
  <datafield tag="260" ind1=" " ind2=" ">
    <subfield code="a">La Habana :</subfield>
    <subfield code="b">Centro de Estudios Martianos,</subfield>
    <subfield code="c">2003.</subfield>
  </datafield>
  <datafield tag="300" ind1=" " ind2=" ">
    <subfield code="a">374 p. ;</subfield>
    <subfield code="c">21 cm.</subfield>
  </datafield>
  <datafield tag="490" ind1="1" ind2=" ">
    <subfield code="a">Corcel</subfield>
  </datafield>
  <datafield tag="504" ind1=" " ind2=" ">
    <subfield code="a">Incluye referencias bibliogr&#xE1;ficas (p. 45-46) e &#xED;ndice.</subfield>
  </datafield>
  <datafield tag="600" ind1="1" ind2="0">
    <subfield code="a">MART&#xCD;, JOS&#xC9;,</subfield>
    <subfield code="d">1853-1895</subfield>
    <subfield code="v">CORRESPONDENCIA</subfield>
    <subfield code="9">20705</subfield>
  </datafield>
  <datafield tag="600" ind1="1" ind2="0">
    <subfield code="a">MERCADO, MANUEL,</subfield>
    <subfield code="d">1838-1909</subfield>
    <subfield code="v">CORRESPONDENCIA</subfield>
    <subfield code="9">20706</subfield>
  </datafield>
  <datafield tag="651" ind1=" " ind2="4">
    <subfield code="a">Cuba</subfield>
    <subfield code="x">Historia</subfield>
    <subfield code="y">1878-1895.</subfield>
    <subfield code="9">16132</subfield>
  </datafield>
  <datafield tag="650" ind1=" " ind2="0">
    <subfield code="a">Autores cubanos</subfield>
    <subfield code="y">SIGLO XX</subfield>
    <subfield code="v">CORRESPONDENCIA</subfield>
    <subfield code="9">20707</subfield>
  </datafield>
  <datafield tag="700" ind1="0" ind2=" ">
    <subfield code="a">Cepeda Tejera, Francisco</subfield>
    <subfield code="e">ed.</subfield>
    <subfield code="9">20708</subfield>
  </datafield>
  <datafield tag="700" ind1="1" ind2=" ">
    <subfield code="a">Mercado, Manuel,</subfield>
    <subfield code="d">1838-1909.</subfield>
    <subfield code="e">comp.</subfield>
    <subfield code="9">20709</subfield>
  </datafield>
  <datafield tag="700" ind1="1" ind2=" ">
    <subfield code="a">Pino, Marisela del.</subfield>
    <subfield code="e">comp.</subfield>
    <subfield code="9">20710</subfield>
  </datafield>
  <datafield tag="700" ind1="1" ind2=" ">
    <subfield code="a">Rodr&#xED;guez, Pedro Pablo,</subfield>
    <subfield code="d">1946-</subfield>
    <subfield code="e">comp.</subfield>
    <subfield code="9">8793</subfield>
  </datafield>
  <datafield tag="830" ind1=" " ind2="0">
    <subfield code="a">Corcel ;</subfield>
    <subfield code="9">20711</subfield>
  </datafield>
  <datafield tag="910" ind1=" " ind2=" ">
    <subfield code="a">Catalogaci&#xF3;n por copia / LC</subfield>
  </datafield>
  <datafield tag="049" ind1=" " ind2=" ">
    <subfield code="a">BNGR</subfield>
  </datafield>
  <datafield tag="952" ind1=" " ind2=" ">
    <subfield code="0">0</subfield>
    <subfield code="1">0</subfield>
    <subfield code="5">2</subfield>
    <subfield code="7">0</subfield>
    <subfield code="8">MO</subfield>
    <subfield code="a">GR</subfield>
    <subfield code="b">GR</subfield>
    <subfield code="c">CT</subfield>
    <subfield code="d">2009-09-08</subfield>
    <subfield code="i">LF1</subfield>
    <subfield code="l">0</subfield>
    <subfield code="o">866.2 M378c</subfield>
    <subfield code="p">7448-10</subfield>
    <subfield code="r">2020-06-25</subfield>
    <subfield code="w">2020-06-25</subfield>
    <subfield code="y">2</subfield>
    <subfield code="Z">Pr&#xE9;stamo interno</subfield>
  </datafield>
  <datafield tag="999" ind1=" " ind2=" ">
    <subfield code="c">7229</subfield>
    <subfield code="d">7229</subfield>
  </datafield>
</record>
